000 01146nam a2200241Ia 4500
999 _c43477
_d43477
001 10208
003 GE_BSU
005 20260320161343.0
008 181216s1987||||ge |||||||||||||| ||geo||
040 _cGE_BSU
041 _ageo
080 _a821.353.1-31ს-26
100 _aსანიკიძე,ლევან
_927173
245 _aსავედრებელნი გიორგი ათონელისა :
_bრომანი /
_c ლევან სანიკიძე, რედ. ქ. თავართქილაძე.მხატვ.ო.ქოჩაკიძე და სხვ.
264 _aთბილისი :
_bსაბჭოთა საქართველო,
_c1987.
300 _a573 გვ.:
_bილ;
_c21 სმ.
501 _aლექსიკონი გვ.567-572
653 _aრომანი
653 _aსავედრებელნი გიორგი ათონელისა
700 _aთავართქილაძე, ქ.
_eრედაქტორი
_927174
700 _aქოჩაკიძე, ო
_eმხატვარი
_927175
942 _cBK
_2udc